00602nam a2200205Ia 450000500170000000800410001704000190005804100120007708200160008910000210010524500540012626000270018030000110020765000190021870000230023785000100026094200070027099900170027795201020029420230520103125.0131103s9999 xx 000 0 und d aLoreto College aEnglish a824.08bCHE aChesterton, G. K aIf I were a preachercG. K. Chesterton [et. al.]. aLondonbCassell c1929 a261p.  aEnglish essays aChesterton, G. K.  aLCLIB cBK c22705d73184 00102ddc4070aMAINbMAINd2013-11-04l0o824.08 CHE 1938pB25153r2013-11-04w2013-11-04yBKf